Habitat 1973 : (Record no. 12388)
[ view plain ]
| 000 -CABECERA | |
|---|---|
| campo de control de longitud fija | 00692nam a22002417a 4500 |
| 003 - IDENTIFICADOR DEL NÚMERO DE CONTROL | |
| campo de control | MX-MxINE |
| 005 - FECHA Y HORA DE LA ÚLTIMA TRANSACCIÓN | |
| campo de control | 20260530113919.0 |
| 008 - DATOS DE LONGITUD FIJA--INFORMACIÓN GENERAL | |
| campo de control de longitud fija | 260518t1973 enka|||| |||| 00| 0 eng d |
| 040 ## - FUENTE DE LA CATALOGACIÓN | |
| Centro catalogador/agencia de origen | MX-MxINE |
| Lengua de catalogación | spa |
| Centro/agencia transcriptor | MX-MxINE |
| Normas de descripción | rda |
| 041 ## - CÓDIGO DE LENGUA | |
| Código de lengua del texto/banda sonora o título independiente | eng |
| 050 ## - SIGNATURA TOPOGRÁFICA DE LA BIBLIOTECA DEL CONGRESO | |
| Número de clasificación | NK2715 |
| Número de documento/Ítem | H33 1973 |
| 100 ## - ENTRADA PRINCIPAL--NOMBRE DE PERSONA | |
| Término indicativo de función/relación | autor |
| 245 ## - MENCIÓN DE TÍTULO | |
| Título | Habitat 1973 : |
| Resto del título | annual catalogue 20p |
| 264 ## - PRODUCCIÓN, PUBLICACIÓN, DISTRIBUCIÓN, FABRICACIÓN Y COPYRIGHT | |
| Producción, publicación, distribución, fabricación y copyright | London : |
| Nombre del de productor, editor, distribuidor, fabricante | Habitat, |
| Fecha de producción, publicación, distribución, fabricación o copyright | 1973 |
| 300 ## - DESCRIPCIÓN FÍSICA | |
| Extensión | 128 páginas : |
| Otras características físicas | ilustraciones |
| 336 ## - TIPO DE CONTENIDO | |
| Fuente | rdacontent |
| Término de tipo de contenido | texto |
| 337 ## - TIPO DE MEDIO | |
| Fuente | rdamedia |
| Nombre/término del tipo de medio | sin medio |
| 338 ## - TIPO DE SOPORTE | |
| Fuente | rdacarrier |
| Nombre/término del tipo de soporte | volumen |
| 610 1# - PUNTO DE ACCESO ADICIONAL DE MATERIA--NOMBRE DE ENTIDAD CORPORATIVA | |
| Nombre de entidad corporativa o nombre de jurisdicción como elemento de entrada | Habitat (Empresa) |
| Subdivisión de forma | Catálogos |
| 9 (RLIN) | 34416 |
| 650 #4 - PUNTO DE ACCESO ADICIONAL DE MATERIA--TÉRMINO DE MATERIA | |
| Término de materia o nombre geográfico como elemento de entrada | Muebles |
| Subdivisión de forma | Catálogos |
| 9 (RLIN) | 9329 |
| 650 #4 - PUNTO DE ACCESO ADICIONAL DE MATERIA--TÉRMINO DE MATERIA | |
| Término de materia o nombre geográfico como elemento de entrada | Diseño de mobiliario |
| 9 (RLIN) | 34417 |
| 942 ## - ELEMENTOS DE PUNTO DE ACCESO ADICIONAL (KOHA) | |
| Fuente del sistema de clasificación o colocación | Library of Congress Classification |
| Tipo de ítem Koha | |
| Suprimir en OPAC | 1 |
No items available.